000 00871nam a2200229Ia 4500
003 OSt
005 20220923212714.0
006 a|||||r|||| 00| 0
007 ta
008 220922b |||||||| |||| 00| 0 hin d
024 _a155,451
037 _cTextual
040 _aARTS
_cARTS
_bhin
041 _2hin
_ahin
082 _aO15:9x1:1:3, 152L3(TTPH)
100 _aगुप्त, अभिनव
_9156290
245 0 _aहिन्दी अभिनवभारती, हिन्दी व्या-विश्वेश्वर, संपा नगेन्द्र अध्याय 1,2 और 6
246 _aHindī abhinavabhāratī, hindī vyā-vishveshvara, sanpā0 nagendra adhyāya 1,2 aur 6
260 _c1973
942 _hO15:9x1:1:3, 152L3(TTPH)
_cTEXL
_2CC
999 _c310975
_d310975